MARC details
| 000 -LÍDER |
| campo de controle de tamanho fixo |
01036 a2200253 4500 |
| 001 - NÚMERO DE CONTROLE |
| campo de controle |
242 |
| 020 ## - ISBN - INTERNATIONAL STANDARD BOOK NUMBER |
| ISBN - International Standard Book Number |
9788508076468 (broch.) |
| 040 ## - FONTE DA CATALOGAÇÃO |
| Instituição que modificou o registro |
BR-BrIDEA |
| 041 ## - CÓDIGO DE IDIOMA |
| Código do idioma do texto/trilha sonora ou título diferente |
por |
| 082 ## - CDD - CLASSIFICAÇÃO DECIMAL DE DEWEY |
| Número de Classificação |
[Fic] |
| 090 ## - NÚMERO DE CHAMADA LOCAL |
| Número de chamada (OCLC) (R); Número de chamada, CALL (RLIN) (NR) |
Year 8 [Fic] |
| Número Cutter local (OCLC); Número de classificação do livro, CALL (RLIN) |
VER |
| -- |
11.ed. |
| 100 ## - ENTRADA PRINCIPAL--NOME PESSOAL |
| Nome pessoal |
Veríssimo, Luis Fernando Luis |
| 250 ## - EDIÇÃO |
| Edição |
11. ed. - |
| 245 10 - TÍTULO |
| Título |
Festa de criança |
| Restante do título |
antologia |
| Indicação de responsabilidade, etc. |
Luís Fernando Veríssimo ; ilustrações Caulos. |
| 260 ## - PUBLICAÇÃO, DISTRIBUIÇÃO, ETC. |
| Local de publicação, distribuição, etc. |
São Paulo, SP |
| Nome do editor, distribuidor, etc. |
Ática |
| Data da publicação, distribuição, etc. |
2006 |
| 300 ## - DESCRIÇÃO FÍSICA |
| Extensão |
133, [1] p. |
| Outros detalhes físicos |
il. |
| Dimensões |
24 cm. |
| 490 ## - TÍTULO DA SÉRIE |
| Título da série |
Para gostar de ler Júnior |
| 520 ## - NOTA DE RESUMO, ETC |
| Resumo, etc. |
Depois da guerra de brigadeiro, o Chico vem pedir mais doce e o pai da aniversariante diz para ele dar uma lambida na cabeça do Paulinho. O bolo também já era, pois a Cândida sentou em cima, depois de ter praticado hipismo com o cachorro, que fugiu da casa desesperado, com uma jarra caríssima amarrada ao rabo... |
| 697 ## - ENTRADA DE ASSUNTO LOCAL--ENTIDADE COLETIVA (RLIN) |
| Nome corporativo ou nome da jurisdição |
Literatura infanto-juvenil |
| 697 ## - ENTRADA DE ASSUNTO LOCAL--ENTIDADE COLETIVA (RLIN) |
| Nome corporativo ou nome da jurisdição |
Conto brasileiro. |
| 856 ## - LOCALIZAÇÃO ELETRÔNICA E ACESSO |
| Uniform Resource Identifier |
<a href="000006/00000689.jpg">000006/00000689.jpg</a> |
| 830 ## - ENTRADA SECUNDÁRIA DE SÉRIE--TÍTULO UNIFORME |
| Título uniforme |
Para gostar de ler Junior |
| Número do volume ou designação sequencial da série |
2 |
| 942 ## - ELEMENTOS DE ENTRADA ADICIONADOS (KOHA) |
| Tipo de material Koha |
Livros |